A-Z: names ending in T - Statistics

General Stats
  • This quiz has been taken 53 times
  • The average score is 17 of 26
Answer Stats
Initial letter Clue Name ending in T % Correct
D Michigan city Detroit
98%
A Singer Garfunkel's first name Art
94%
G US general and president Ulysses Grant
92%
K Country in the Middle East Kuwait
92%
N First name of singer King Cole Nat
92%
R Actor Redford, General Lee and Cure singer Smith Robert
92%
C Ethnicity of a native of Zagreb Croat
86%
P Cambodian dictator of the 1970s Pol Pot
84%
B Ernie's cohort in Sesame Street Bert
82%
E African country Egypt
80%
F First name of poet Robert and TV host David Frost
78%
S 1970s Egyptian president Anwar Sadat
75%
Y Fomer Palestinian leader Yasser Arafat
71%
T North Vietnamese offensive in 1968 Tet
67%
I British newspaper, The: Independent
65%
H American hotel chain Hyatt
63%
O Aviation pioneer who helped to build the first plane Orville Wright
61%
V Charlie and the Chocolate Factory character Beauregarde Violet
59%
L Another name for the Middle East Levant
55%
Q 1960s British fashioner designer Mary Quant
51%
J Petrol station chain Jet
47%
W Gloucester mass murderers Fred and Rosemary West
43%
U Burmese UN secretary-general U Thant
29%
Z Saxophone player from The Muppets Zoot
29%
M Liverpool and England defender of the 80s and 90s Mark Wright
8%
X Ex-Red Wings Ice hockey player Xavier Ouellet
2%
No matching quizzes found
Score Distribution
Percent of People with Each Score
Percentile by Number Answered
Your Score History
You have not taken this quiz